Normal view
MARC view
- Chadha, K. L
Entry Personal Name
001 - CONTROL NUMBER
- control field: 2935
003 - CONTROL NUMBER IDENTIFIER
- control field: OSt
005 - DATE AND TIME OF LATEST TRANSACTION
- control field: 20180227155755.0
008 - FIXED-LENGTH DATA ELEMENTS
- fixed length control field: 180227|| aca||aabn | a|a d
040 ## - CATALOGING SOURCE
- Original cataloging agency: OSt
- Transcribing agency: OSt
100 ## - HEADING--PERSONAL NAME
- Personal name: Chadha, K. L
670 ## - SOURCE DATA FOUND
- Source citation: Work cat.: (OSt): Chadha, K. L, Managing postharvest quality and losses in horticultural crops: Vol. 3 Vegetables, flowers & plantation crops, 2015
